| 000 | 00562nam a2200217Ia 4500 | ||
|---|---|---|---|
| 008 | 101110s9999 xx 000 0 und d | ||
| 041 | _aENGLISH | ||
| 082 | _bSR29617 | ||
| 100 | _aSharma Arpan | ||
| 245 | _aComputer application in business F.Y. BMS | ||
| 260 |
_c2005 _bSheth pub.pvt.ltd.,Mumbai |
||
| 300 | _a159 | ||
| 365 | _b90 | ||
| 520 | _aB.M.S. | ||
| 546 | _aENGLISH | ||
| 630 | _aComputer application in business F.Y. BMS | ||
| 650 | _aB.M.S. | ||
| 655 | _aB.M.S. | ||
| 730 | _aComputer application in business F.Y. BMS | ||
| 942 | _cBOOK | ||
| 999 |
_c822126 _d822123 |
||